সমকালীন মুসলিম বিশ্বঃ ইসলাম ও বাংলাদেশ / (Record no. 18813)

MARC details
000 -LEADER
fixed length control field 00970nam a22002177a 4500
003 - CONTROL NUMBER IDENTIFIER
control field BDDh-ASL
005 - DATE AND TIME OF LATEST TRANSACTION
control field 20231015025735.0
008 - FIXED-LENGTH DATA ELEMENTS--GENERAL INFORMATION
fixed length control field 201028s1997 b ||||| |||| 00| 0 b d
040 ## - CATALOGING SOURCE
Original cataloging agency BDDh-ASL
Transcribing agency BDDh-ASL
041 ## - LANGUAGE CODE
Language code of text/sound track or separate title ben
082 ## - DEWEY DECIMAL CLASSIFICATION NUMBER
Classification number 297.954
Item number KHS
100 1# - MAIN ENTRY--PERSONAL NAME
9 (RLIN) 1095
Personal name খান, মো. মাইমুল আহসান
245 10 - TITLE STATEMENT
Title সমকালীন মুসলিম বিশ্বঃ ইসলাম ও বাংলাদেশ /
246 ## - VARYING FORM OF TITLE
Title proper/short title Contemporary Muslim World: Islam and Bangladesh by Dr. Md. Mainul Ahsan Khan.
260 ## - PUBLICATION, DISTRIBUTION, ETC.
Place of publication, distribution, etc. ঢাকা :
Name of publisher, distributor, etc. IIRO,
Date of publication, distribution, etc. 1997.
300 ## - PHYSICAL DESCRIPTION
Extent ৩১৯ পৃ. :
Dimensions ২২ সে. মি.
504 ## - BIBLIOGRAPHY, ETC. NOTE
Bibliography, etc. note Includes bibliographical references and index.
650 #0 - SUBJECT ADDED ENTRY--TOPICAL TERM
Topical term or geographic name entry element ইসলাম ধর্ম , Isalāma dharma, Islam, Religion, Mohammedism, Mohammadan, Mohammedan, Muhammadan, Islamic Relition, Peace
9 (RLIN) 747
651 #0 - SUBJECT ADDED ENTRY--GEOGRAPHIC NAME
9 (RLIN) 615
Geographic name বাংলাদেশ
General subdivision ইসলাম ধর্ম
942 ## - ADDED ENTRY ELEMENTS (KOHA)
Source of classification or shelving scheme Dewey Decimal Classification
Koha item type Books
Holdings
Withdrawn status Lost status Source of classification or shelving scheme Damaged status Not for loan Collection code Home library Current library Shelving location Date acquired Source of acquisition Total Checkouts Full call number Barcode Date last seen Copy number Price effective from Koha item type
    Dewey Decimal Classification     Non-fiction Asiatic Society Library Asiatic Society Library General Stacks 10/28/2020 Complementary   297.954 KHS 102040 10/28/2020 C-1 10/28/2020 Books

Powered by Koha